000 00489nam a2200181Ia 4500
003 GCL
008 140319s9999 xx 000 0 eng d
040 _aGCL /
_cGCL
082 0 4 _a335.4
_bS W
100 1 _aSKIDELSKY, ROBERT
245 1 0 _aTHE WORLD AFTER COMMUNISM: A POLEMIC FOR OUR TIMES /
_cSKIDELSKY, ROBERT
260 _a[S.N] :
_bMac Millan Press ،
_c1995
300 _a212 P
650 0 4 _aPOLITICAL ECONOMY
650 0 4 _aCOMMUNISM
650 0 4 _aCOLLECTLISM
942 _2ddc
_cBK
999 _c24266
_d24266